000 00586nam a2200193Ia 4500
005 20250508165611.0
008 008 250505s9999 xx 000 0 eng d
037 _aTextual
040 _aFEDL
_beng
_cFEDL
041 _aeng
_2eng
084 _a005.4, UNE
_qFEDL
245 0 _aMini - micro CDS/ ISIS Reference manual : version 3.0
245 0 _cUNESCO
260 _aParis, France
_bUnited Nations Educational, Scientific and Cultural Organization
_c1993
300 _axxix,286p.
365 _aINR
_b1500
942 _cTEXL
_h005.4, UNE
999 _c1396115
_d1396115